| 000 | 00534nam a22001937a 4500 | ||
|---|---|---|---|
| 003 | OSt | ||
| 005 | 20250523133011.0 | ||
| 008 | 250519b |||||||| |||| 00| 0 eng d | ||
| 020 | _a9781496310286 | ||
| 040 | _cddc | ||
| 082 | _a615.8515 | ||
| 100 | _aTrickey-Rokenbrod | ||
| 245 |
_aOccupational Therapy in Action _bA Library of Case Studies _cDianne Trickey-Rokenbrod |
||
| 250 | _a1st | ||
| 260 |
_aNew York _bWolters Kluwer _c2017 |
||
| 650 |
_vOccupational Therapy _xOccupational Therapy |
||
| 942 |
_cBK _2ddc |
||
| 999 |
_c249285 _d249285 |
||